000 00585nam a2200193Ia 4500
005 20260120131817.0
008 008 260114s9999 xx 000 0 eng d
020 _a9780197711743
037 _aEBOOK
040 _aCRL
_beng
_cCRL
041 _aeng
_2eng
084 _qCRL
100 _aDeak
_9931475
245 0 _aBeyond Nationalism: A Social and Political History of the Habsburg Officer Corps 1848-1918
260 _bOxford University PressOxford University Press
_c2023
856 _uhttps://academic.oup.com/book/47475
942 _cEBOOK
999 _c1523397
_d1523397